000 00634nam a2200181Ia 4500
003 GCL
008 140319s9999 xx 000 0 ara d
040 _aGCL /
_cGCL
082 0 4 _a323.4
_bر ا
100 1 _aرياض نجيب الريس
245 1 0 _aاكتب اليكم بغضب: كيف تقول لا فى عصر نعم /
_cرياض نجيب الريس
300 _a267 ص
490 _aالهيئة العامة للاستعلامات
_v0
650 0 4 _aحريةالصحافة , تاريخ
650 0 4 _aالثقافة والدولة
650 0 4 _aالعالم العربى - الاحوال السياسية
942 _2ddc
_cBK
999 _c48460
_d48460